Sachindex zu Kants Kritik der reinen Vernunft

Enregistré dans:
Détails bibliographiques
Auteur principal: Martin, Gottfried (autor)
Format: Livre
Langue:allemand
Publié: Berlín Walter de Gruyter 1967
Sujets:
Tags: Ajouter un tag
Pas de tags, Soyez le premier à ajouter un tag!

MARC

LEADER 00000nam a2200000 a 4500
001 UCZ5097
003 CL-VaPUC
008 951117e19670000GW |||||||||||||||||ger|d
082 0 4 |a 141  |b MAR  |2 21 
100 |a Martin, Gottfried  |e autor  |9 349250 
245 1 0 |a Sachindex zu Kants Kritik der reinen Vernunft 
300 |a 353 p 
942 |c BK 
945 |d 19951117 00:00:00  |a cmena 
260 |a Berlín  |b Walter de Gruyter  |c 1967 
650 0 |a Idealismo  |9 265685 
650 0 |a Filosofía alemana   |9 265002 
650 0 |a Razón   |9 314475 
650 0 |a Racionalismo  |9 259116 
650 7 |a INDICES ALFABETICOS POR MATERIA  |2 CL-VaPUC  |9 349052 
583 |a last modification  |c 19951117 00:00:00  |k Rodrigo Vera 
999 |c 241423  |d 241421 
952 |0 0  |1 0  |4 0  |6 141_000000000000000_MAR_1967  |7 0  |8 P  |9 253739  |a BIBEDU  |b BIBEDU  |c BIBEDU_PB  |d 2019-11-19  |i 1574205  |o 141 MAR 1967  |p 1574205  |r 2024-01-25  |w 2019-11-19  |y BK  |k FIL